Moderné metódy v manažmente podniku

Controlling ako zdroj informácií pre manažment podniku. Organizačné začlenenie controllingu. Uplatnenie controllingu v manažmente podniku.

Gespeichert in:
Bibliographische Detailangaben
1. Verfasser: Chodasová, Zuzana
Format: Buchkapitel
Sprache:Slowakisch
Schlagworte:
Tags: Tag hinzufügen
Keine Tags, Fügen Sie das erste Tag hinzu!

MARC

LEADER 00000naa$a2200000$$$4500
001 0088368
005 20220330075939.7
041 0 |a slo 
044 |a SK 
245 1 0 |a Moderné metódy v manažmente podniku  |c Zuzana Chodasová 
520 |a Controlling ako zdroj informácií pre manažment podniku. Organizačné začlenenie controllingu. Uplatnenie controllingu v manažmente podniku. 
610 2 0 |a riadenie podnikové 
610 2 0 |a metódy riadenia 
610 2 0 |a manažment 
610 2 0 |a účtovníctvo vnútropodnikové 
610 2 0 |a systém riadenia nákladov 
610 2 0 |a plán finančný 
610 2 0 |a plánovanie finančné 
100 1 |a Chodasová, Zuzana